000 01007nam a2200349 a 4500
003 AR-BaBNM
005 20251128210059.0
008 082120s2002 ||||||||||||||000 | spa||
020 _a987-9540-2-8
040 _cAR-BaBNM
100 1 _aSaslovsky, Gabriela
245 0 0 _a¿Ley estás?.. estoy capacitando al maestro
_bactividades 1ero. ciclo
250 _a1ª ed.
260 _aBuenos Aires
_bSur
_c1995
300 _a251 p.
_bil.
650 4 _aCURRICULO
650 4 _aROL DEL DOCENTE
650 4 _aPARTICIPACION DEL ALUMNO
650 4 _aACTIVIDADES INTEGRADAS
650 4 _aACTIVIDADES DE APRENDIZAJE
653 _aLEY FEDERAL DE EDUCACION
653 _aCAPACITACION DOCENTE
653 _aREFORMA EDUCATIVA
653 _aCAMBIO EDUCATIVO
653 _aCONTENIDOS BASICOS COMUNES
653 _aORGANIZACION POR CICLOS
653 _aORGANIZACION DEL TIEMPO ESCOLAR
653 _aORGANIZACION DEL ESPACIO ESCOLAR
700 1 _aMaiorana, Miguel
942 _cBK
998 _cCarmen
999 _c13955
_d13955